01716naa a2200241 i 45000010005000000030009000050050017000140080039000310400021000700800015000911000109001062450182002152460146003975000021005435200338005646500017009026500016009196550030009357000118009657730221010837110065013047000105013693288KOSZ 00520180315091505.0141117s2002 pl f |100 0 pol cBPKdKOSZ 005/EG a621.73/.771 aKUKIEŁKA, Leon.d1996 - .bPolitechnika Koszalińska - Wydział Mechaniczny,cKatedra Maszyn Roboczych10aBadanie wpływu parametrów technologicznych nagniatania tocznego z prądem na współczynnik tarcia ślizgowego wyrobu /cLeon Kukiełka, Radosław Patyk, Mariusz Wojtalik.31aInvestigating influences of technological parameters of burnishing rolling process with current on coefficient of sliding friction of product aDane z autopsji. aW pracy przedstawiono metodykę badań współczynnika tarcia ślizgowego części nagniatanych tocznie z elektrokontaktowym podgrzewaniem. Dokonano analizy otrzymanych wyników za pomocą testów statystycznych. Wykazano korzystny wpływ nagniatania z prądem na właściwości użytkowe warstwy wierzchniej części. 0aNagniatanie. 0aTrybologia. 0aMateriały konferencyjne.1 aWOJTALIK, Mariusz - doktorant.bPolitechnika Koszalińska - Wydział Mechaniczny,cZakład Mechaniki Technicznej0 iW :tDroga krajowa nr 6 osią integracji Pomorza Środkowego i szansą rozwoju motoryzacji : V Słupskie Forum Motoryzacji, Słupsk 18-19 maja 2002. -dSłupsk : Starostwo Powiatowe w Słupsku, 2002. -gs. 135-14222aSłupskie Forum Motoryzacjin(5 ;d2002 ;cSłupsk, Polska).1 aPATYK, Radosław.bPolitechnika Koszalińska - Wydział Mechaniczny,cZakład Mechaniki Technicznej